[Event "Le Blanc et Noir Gp-A op"]
[Site "St Jean sur Richelieu"]
[Date "2020.01.18"]
[Round "3"]
[White "Pomerantz, Daniel"]
[Black "St Onge, Pierre"]
[Result "1-0"]
[WhiteElo "1975"]
[BlackElo "1603"]
[PlyCount "105"]
[EventDate "2020.01.17"]
[EventType "swiss"]
[EventRounds "5"]
[EventCountry "CAN"]
[SourceTitle "CBM 194 Extra"]
[Source "ChessBase"]
[SourceDate "2020.03.31"]
[SourceVersion "1"]
[SourceVersionDate "2020.03.31"]
[SourceQuality "1"]

1. e4 e5 2. Nf3 Nc6 3. Bb5 g5 4. d4 g4 5. Nxe5 Nxe5 6. dxe5 c6 7. Be2 h5 8. Nc3 Qa5 9. Bf4 Ne7 10. h3 Ng6 11. Bd2 gxh3 12. Nd5 hxg2 13. Rg1 Qxd2+ 14. Qxd2 cxd5 15. Rxg2 Bh6 16. Qd4 Nf4 17. Rg1 Ne6 18. Qxd5 h4 19. Bg4 Nf4 20. Qd4 Ne6 21. Bxe6 fxe6 22. Ke2 b6 23. Rg4 Ba6+ 24. c4 0-0-0 25. Rxh4 Be3 26. Kxe3 Rxh4 27. Rc1 Rh3+ 28. Kd2 Rf8 29. Rf1 Rff3 30. Rg1 Rh8 31. Rg7 Rd8 32. Ke2 Rh3 33. f3 Bb7 34. c5 Bc6 35. cxb6 axb6 36. Qxb6 Rf8 37. Qa6+ Bb7 38. Qd3 Bc6 39. Rg2 Kb7 40. b4 Kb6 41. a4 Rf7 42. b5 Bb7 43. Qd4+ Ka5 44. Qa7+ Kb4 45. Qxb7 Rfxf3 46. Qxd7 Re3+ 47. Kd2 Rb3 48. Qd4+ Ka3 49. Kc2 Rhf3 50. Rg1 Rf2+ 51. Qxf2 Rb2+ 52. Kc3 Rxf2 53. Ra1+ 1-0